书目信息 |
| 题名: |
中华人民共和国民事法典
|
|
| 作者: | ;国务院法制办公室 编 | |
| 分册: | ||
| 出版信息: | 北京 中国法制出版社 2016 |
|
| 页数: | 13,539页 | |
| 开本: | 24cm | |
| 丛书名: | ||
| 单 册: | ||
| 中图分类: | D923.05 | |
| 科图分类: | ||
| 主题词: | 民法--法律解释--中国 | |
| 电子资源: | ||
| ISBN: | 978-7-5093-6919-7 | |
| 000 | 00925nam0 2200253 450 | |
| 001 | 1652436239 | |
| 005 | 20160302232926.0 | |
| 010 | @a978-7-5093-6919-7@dCNY82.00 | |
| 100 | @a20160126d2016 em y0chiy50 ea | |
| 101 | 0 | @achi |
| 102 | @aCN@b110000 | |
| 105 | @ay n 001yy | |
| 106 | @ar | |
| 200 | 1 | @a中华人民共和国民事法典@9zhong hua ren min gong he guo min shi fa dian@b专著@dCivil law@zeng@f国务院法制办公室编 |
| 205 | @a3版 | |
| 210 | @a北京@c中国法制出版社@d2016 | |
| 215 | @a13,539页@d24cm | |
| 300 | @a中华人民共和国注释法典 民法卷 2 | |
| 330 | @a本书涵盖民事法相关领域重要的法律、行政法规、部门规章、规范性文件、司法解释以及法律法规规章的适用解释及函复。书中收录经提炼的法律流程图、诉讼文书、纠纷处理常用数据等内容。 | |
| 510 | 1 | @aCivil law@zeng |
| 606 | 0 | @a民法@x法律解释@y中国 |
| 690 | @aD923.05@v5 | |
| 711 | 02 | @a国务院法制办公室@9guo wu yuan fa zhi ban gong shi@4编 |
| 905 | @aBZT@dD923.05@e10 | |
| 中华人民共和国民事法典=Civil law/国务院法制办公室编.-3版.-北京:中国法制出版社,2016 |
| 13,539页;24cm |
| 中华人民共和国注释法典 民法卷 2 |
| ISBN 978-7-5093-6919-7:CNY82.00 |
| 本书涵盖民事法相关领域重要的法律、行政法规、部门规章、规范性文件、司法解释以及法律法规规章的适用解释及函复。书中收录经提炼的法律流程图、诉讼文书、纠纷处理常用数据等内容。 |
| ● |
| 相关链接 |
|
|
|
正题名:中华人民共和国民事法典
索取号:D923.05/10
 
预约/预借
| 序号 | 登录号 | 条形码 | 馆藏地/架位号 | 状态 | 备注 |
| 1 | 811823 | 2000811823 | 第二书库/ [索取号:D923.05/10] |
已借出,限还日期为2026.04.27 借出人:吕孟宸 |
|
| 2 | 811824 | 2000811824 | 第二书库/ [索取号:D923.05/10] |
已借出,限还日期为2026.05.31 借出人:宋林眉 |
|
| 3 | 811825 | 2000811825 | 第二书库/ [索取号:D923.05/10] |
已借出,限还日期为2026.04.27 借出人:杨景茹 |